000 00803nam a22002537a 4500
001 84553
003 UA-OsUOA
005 20200520123434.0
007 ta
008 20120605b un ||||| |||| 00| 0 ukr d
040 _aUA-OsUOA
_bukr
_cUA-OsUOA
_dUA-OsUOA
041 _aukr
080 _a821.161.2(091)
090 _a821.161.2(091)
_bІ-43
100 _aІларіон
_cМитрополит
245 _aНаш бій за державність
_bісторична епопея
_p1
246 3 1 _aЧ. 1
260 _aВінніпег
_c1962
300 _a224 с.
650 7 _a82 Література. Літературознавство
_2UDC
942 _cBK
_2udc
955 _a2
999 _c370868
_d370868